| 000 | 00997nam a2200205Ia 4500 | ||
|---|---|---|---|
| 008 | 0000002014 sp ad 0000000000mul00 | ||
| 090 | _aPSP00 L17o | ||
| 100 | 1 | _aLarriera Glasserman, Natalí | |
| 245 | 1 | 0 |
_aOutdoor living _b: Angela Cuadra _c/ Natalí Larriera Glasserman ; traducción Victoria Kylander |
| 300 |
_a[20] p. _c/ 21 cm. |
||
| 500 | _aExposición realizada en Galería Nuble de Cantabria, España entre el 9 de mayo y el 21 de junio de 2014 \ Incluye datos biográficos y cronología artística \ Texto en español e ingles \ Donación del Sr. José Luis de la Fuente, Galeria Jose Luis de la Fuente, España, Octubre de 2014 | ||
| 600 | 0 | 0 |
_a CUADRA, ANGELA, 1978/ _xTRABAJOS PICTORICOS |
| 650 | 1 | 4 | _a PINTURA ESPAÑOLA |
| 650 | 1 | 4 | _aARTISTAS PLASTICOS ESPAÑOLES |
| 650 | 1 | 4 | _xCATALOGOS |
| 650 | 1 | 4 | _xEXPOSICIONES |
| 650 | 1 | 4 | _aINSTALACIONES (ARTE) ESPAÑA |
| 650 | 1 | 4 | _aPINTURA ACRILICA (ARTE) |
| 999 |
_c15268 _d15268 |
||
| 260 |
_aCantabria, España : Galeria Nuble _c2014 |
||